Music Quiz

Random Music or Song Quiz

Song Lyrics Match-Up III Quiz Stats

 Plays Quiz Updated May 10, 2015

Support Sporcle.
Go Orange.
Score 0/20 Timer 05:00
2 Plays Today
% Correct
Bohemian Rhapsody (Queen)
91.5%
Hotel California (Eagles)
86.2%
My Heart Will Go On (Celine Dion)
83.1%
Bad Romance (Lady Gaga)
82.5%
SexyBack (Justin Timberlake ft. Timbaland)
76.8%
Piano Man (Billy Joel)
75.8%
I'm Too Sexy (Right Said Fred)
75.7%
Walking in Memphis (Marc Cohn)
70.4%
Stairway To Heaven (Led Zeppelin)
68%
Love the Way You Lie (Eminem ft. Rihanna)
63.5%
% Correct
Tribute (Tenacious D)
61.2%
Theme from Shaft (Isaac Hayes)
55.4%
Runaround Sue (Dion)
53%
Bullet with Butterfly Wings (The Smashing Pumpkins)
50.9%
Don't Sit Under the Apple Tree (The Andrews Sisters)
50.6%
Hit the Road Jack (Ray Charles)
46.8%
Court of the Crimson King (King Crimson)
43.6%
Inside Out (Eve 6)
39.1%
Straight Up (Paula Abdul)
35%
Howlin' for You (The Black Keys)
27.8%

From the Vault

Somewhere in the Middle (Geography)

by pdigoe

Geography 90s
This quiz is stuck in the middle between a rock and a hard place. That's how the saying goes, right?
Remove Ads.
Support Sporcle.
Get the best of Sporcle when you Go Orange. This ad-free experience offers more features, more stats, and more fun while also helping to support Sporcle. Thank you for becoming a member.

Show Comments

Extras

Top Quizzes Today


Score Distribution

Your Account Isn't Verified!

In order to create a playlist on Sporcle, you need to verify the email address you used during registration. Go to your Sporcle Settings to finish the process.

Report this User

Report this user for behavior that violates our Community Guidelines.

Details: